000 01124nam a22002897ia4500
001 85844
003 ItRI
005 20260429122851.0
008 260429s1973 it |||||| ||||| |ita|c
015 _2IT
_a762979
040 _bita
_aM-RABA
_cM-RABA
_dM-RABA
041 7 _aita
_2ISO-639-2
082 _a720.945
_217
082 _a720.945
_218
245 0 0 _aMostra vanvitelliana
_b: catalogo dei documenti e dei modelli : Napoli, Palazzo Reale, 5 novembre 1973-13 gennaio 1974
_c/ Banco di Napoli
260 _aNapoli
_b: Banco di Napoli
_c, 1973
300 _a48 p. :
_bil. ;
_c24 cm
500 _aEn port.: Istituto di storia dell'architettura dell'Universita di Napoli; Soprintendenza alle gallerie della Campania; Archivio storico del Banco di Napoli.
546 _aTexto en italiano.
600 1 7 _aVanvitelli, Luigi (
_d1700-1773)
_925115
655 4 _aCatálogos de exposiciones
_945336
774 0 _wIT\ICCU\NAP\0244564
_tModelli architettonici della raccolta vanvitelliana di Caserta
_g2
_aFiengo, Giuseppe (1937- )
852 _jF-16115
942 _cFONDOMODER
_n0
981 1 _6z01
_ai
_bxxxe
982 1 _6z01
_an
999 _c85844
_d85844